[Event "Schleswig Holstein-ch Seniors 63rd"]
[Site "Gross Groenau"]
[Date "2008.03.20"]
[Round "9"]
[White "Janus, Hannelore"]
[Black "Dyck, Ernst"]
[Result "0-1"]
[WhiteElo "1409"]
[BlackElo "1673"]
[PlyCount "72"]
[EventDate "2008.03.15"]
[EventType "swiss"]
[EventRounds "9"]
[EventCountry "GER"]
[SourceTitle "EXT 2010"]
[Source "ChessBase"]
[SourceDate "2010.11.25"]
[SourceVersion "1"]
[SourceVersionDate "2010.11.25"]
[SourceQuality "1"]

1. e4 c5 2. Nc3 Nc6 3. Nf3 e6 4. d4 cxd4 5. Nxd4 a6 6. Nxc6 bxc6 7. a3 Nf6 8. Bd3 Bd6 9. Ne2 Qc7 10. Ng3 h5 11. Qf3 h4 12. Nf1 Bb7 13. c3 c5 14. Bd2 Rb8 15. b4 Be5 16. Rc1 c4 17. Bc2 Ke7 18. h3 Rbg8 19. Bg5 Kf8 20. Bxf6 gxf6 21. Rd1 f5 22. Qe3 f4 23. Qc5+ Qxc5 24. bxc5 Bxc3+ 25. Ke2 Bc6 26. Kf3 e5 27. Nd2 Bxd2 28. Rxd2 Rh5 29. a4 Rhg5 30. Rb1 Ke7 31. Rg1 f5 32. Rdd1 fxe4+ 33. Bxe4 Bxa4 34. Ra1 Bb5 35. Bb7 Rb8 36. Rgb1 Rxb7 0-1

[Event "Schleswig Holstein-ch Seniors 63rd"]
[Site "Gross Groenau"]
[Date "2008.03.19"]
[Round "6"]
[White "Berenstein, Alexander"]
[Black "Dyck, Ernst"]
[Result "1-0"]
[WhiteElo "2050"]
[BlackElo "1673"]
[PlyCount "67"]
[EventDate "2008.03.15"]
[EventType "swiss"]
[EventRounds "9"]
[EventCountry "GER"]
[SourceTitle "EXT 2010"]
[Source "ChessBase"]
[SourceDate "2010.11.25"]
[SourceVersion "1"]
[SourceVersionDate "2010.11.25"]
[SourceQuality "1"]

1. c4 Nf6 2. d4 g6 3. Nc3 Bg7 4. e4 d6 5. f3 0-0 6. Be3 Nc6 7. Qd2 Re8 8. 0-0-0 a6 9. g4 e5 10. Nge2 Bd7 11. d5 Ne7 12. Ng3 Qb8 13. h4 b5 14. h5 Nxg4 15. fxg4 Bxg4 16. Re1 f6 17. hxg6 hxg6 18. cxb5 a5 19. a4 Kf7 20. Be2 Bd7 21. Rh7 Rh8 22. Rxh8 Bxh8 23. Rh1 Qg8 24. Bd1 Nc8 25. Qf2 Rb8 26. Kc2 Ne7 27. Bd2 Ra8 28. Qh2 Bg7 29. Qh4 f5 30. Bg5 Nc8 31. exf5 gxf5 32. Qh5+ Kf8 33. Qg6 f4 34. Nf5 1-0

[Event "Schleswig Holstein-ch Seniors 63rd"]
[Site "Gross Groenau"]
[Date "2008.03.16"]
[Round "2"]
[White "Von Koenen, Hermann"]
[Black "Dyck, Ernst"]
[Result "0-1"]
[WhiteElo "1429"]
[BlackElo "1673"]
[PlyCount "77"]
[EventDate "2008.03.15"]
[EventType "swiss"]
[EventRounds "9"]
[EventCountry "GER"]
[SourceTitle "EXT 2010"]
[Source "ChessBase"]
[SourceDate "2010.11.25"]
[SourceVersion "1"]
[SourceVersionDate "2010.11.25"]
[SourceQuality "1"]

1. e4 c5 2. Nc3 Nc6 3. Bb5 e6 4. Nf3 Nge7 5. Bxc6 Nxc6 6. d3 Be7 7. b3 a6 8. Bb2 Bf6 9. Na4 d6 10. Bxf6 Qxf6 11. Nb6 Rb8 12. Nxc8 Rxc8 13. 0-0 b5 14. Qd2 h6 15. Rac1 e5 16. c3 0-0 17. a3 Na5 18. Rb1 Qe6 19. c4 Nb7 20. Ne1 f5 21. f3 Rf6 22. Nc2 f4 23. Rf2 g5 24. Rbf1 Rg6 25. g3 h5 26. Rg2 Kf7 27. Rff2 Rh8 28. cxb5 axb5 29. b4 Ke7 30. Na1 Rc8 31. Rf1 Rg7 32. Qa2 Ra8 33. Qxe6+ Kxe6 34. Nc2 Rc8 35. Rb1 c4 36. d4 Kf6 37. d5 Ra8 38. Ra1 fxg3 39. hxg3 0-1

[Event "Schleswig Holstein-ch Seniors 63rd"]
[Site "Gross Groenau"]
[Date "2008.03.15"]
[Round "1"]
[White "Dyck, Ernst"]
[Black "Gehrmann, Rudolf Rainer"]
[Result "0-1"]
[WhiteElo "1673"]
[BlackElo "1978"]
[PlyCount "59"]
[EventDate "2008.03.15"]
[EventType "swiss"]
[EventRounds "9"]
[EventCountry "GER"]
[SourceTitle "EXT 2010"]
[Source "ChessBase"]
[SourceDate "2010.11.25"]
[SourceVersion "1"]
[SourceVersionDate "2010.11.25"]
[SourceQuality "1"]

1. d4 Nf6 2. c4 e6 3. Nf3 b6 4. Bg5 Be7 5. Nc3 Bb7 6. e3 0-0 7. Bd3 d5 8. 0-0 dxc4 9. Bxc4 Ne4 10. Bf4 Nxc3 11. bxc3 Nd7 12. Re1 Nf6 13. Bd3 Nd5 14. Qc2 Nxf4 15. Bxh7+ Kh8 16. exf4 Bxf3 17. gxf3 g6 18. Bxg6 Rg8 19. Kh1 Rxg6 20. Re5 Bd6 21. Rh5+ Kg7 22. f5 exf5 23. Qxf5 Qc8 24. Qe4 Qd8 25. Re1 Rb8 26. f4 Qf6 27. f5 Rh6 28. Rxh6 Qxh6 29. Rg1+ Kf6 30. Qg2 0-1